000 00281nam a22001337a 4500
008 171201b xxu||||| |||| 00| 0 eng d
020 _a627657001
041 _aeng
080 _a32
100 _a18
101 _aSHP
245 _aTHE THREE WORLDS
_cWORSLEY, P
942 _2udc
_cBK
999 _c38709
_d38709